The Limits to agriculture development under decentralised goverence in a globalised market : A case of Kerala (Record no. 44452)

MARC details
000 -LEADER
fixed length control field 00416nam a2200121Ia 4500
082 ## - DEWEY DECIMAL CLASSIFICATION NUMBER
Classification number 338.43.01(548.3)
Item number MOH
100 ## - MAIN ENTRY--AUTHOR NAME
Personal name MOHANKUMAR, S
245 #4 - TITLE STATEMENT
Title The Limits to agriculture development under decentralised goverence in a globalised market : A case of Kerala
260 ## - PUBLICATION, DISTRIBUTION, ETC. (IMPRINT)
Place of publication Institute of Developement Studies
Name of publisher Jaipur
Year of publication 2010
700 ## - ADDED ENTRY--PERSONAL NAME
Personal name VIPINKUMAR, R
942 ## - ADDED ENTRY ELEMENTS (KOHA)
Koha item type Books
Holdings
Withdrawn status Lost status Damaged status Not for loan Home library Current library Date acquired Source of acquisition Full call number Accession Number Koha item type
        RRII Library RRII Library 16/12/2021 Gift 338.43.01(548.3) MOH G01198 Books